Fair trade organizations and social enterprise social innovation through hybrid organization models

Gespeichert in:
Bibliographische Detailangaben
1. Verfasser: Huybrechts, Benjamin
Format: Buch
Sprache:Englisch
Veröffentlicht: New York Routledge 2012
Schriftenreihe:Routledge studies in management, organizations, and society
Schlagworte:
Tags: Tag hinzufügen
Keine Tags, Fügen Sie das erste Tag hinzu!

MARC

LEADER 00000nam a2200000 4500
001 0190026
005 20240306140252.4
020 |a 978-0-415-51745-4 
041 0 |a eng 
044 |a US 
245 1 0 |a Fair trade organizations and social enterprise  |b social innovation through hybrid organization models  |c Benjamin Huybrechts 
264 1 |a New York  |b Routledge  |c 2012 
300 |a 240 s. 
490 1 |a Routledge studies in management, organizations, and society 
830 0 |a Routledge studies in management, organizations, and society 
610 2 0 |a obchod 
610 2 0 |a zodpovednosť 
610 2 0 |a formy organizácií 
610 2 0 |a obchod medzinárodný 
610 2 0 |a inovácia 
610 2 0 |a morálka 
610 2 0 |a etika podniková 
610 2 0 |a podnik sociálny 
610 2 0 |a riadenie podnikové 
610 2 0 |a modely podniku 
610 2 0 |a analýzy 
100 1 |a Huybrechts, Benjamin